[Event "Team junior-boys chess final"]
[Site "?"]
[Date "2015.05.06"]
[Round "6.1"]
[White "Skatchkov, Valery"]
[Black "Brin, Ilya"]
[Result "0-1"]
[WhiteElo "1846"]
[BlackElo "1778"]
[PlyCount "62"]
[EventDate "2015.05.01"]

1. c4 Nf6 2. g3 e6 3. Bg2 d5 4. d4 c5 5. cxd5 exd5 6. Nf3 Nc6 7. O-O Be7 8. Nc3
O-O 9. Bg5 Be6 10. Qa4 Qb6 11. dxc5 Qxb2 12. Rfc1 Ne4 13. Nxe4 dxe4 14. Qxe4
Bxc5 15. Rab1 Qa3 16. Rxb7 Rac8 17. Bf4 Ne7 18. Qb1 Bxa2 19. Qa1 Nd5 20. Bd2
Rfe8 21. e4 Nf6 22. Ne5 Qa4 23. Nxf7 Bd4 24. Rb4 Qxb4 25. Qxa2 Rxc1+ 26. Bxc1
Qe1+ 27. Bf1 Qxf2+ 28. Qxf2 Bxf2+ 29. Kxf2 Kxf7 30. Bc4+ Kg6 31. Kf3 Rc8 0-1

[Event "Team junior-boys chess final"]
[Site "?"]
[Date "2015.05.06"]
[Round "6.1"]
[White "Mutovin, Egor"]
[Black "Suvorov, Aleksandr"]
[Result "1/2-1/2"]
[WhiteElo "1548"]
[BlackElo "1809"]
[PlyCount "121"]
[EventDate "2015.05.01"]

1. Nf3 d5 2. d4 e6 3. c4 Nf6 4. g3 dxc4 5. Bg2 a6 6. Ne5 c5 7. e3 Be7 8. Nd2
O-O 9. Ndxc4 Nbd7 10. O-O Qc7 11. b3 Nxe5 12. dxe5 Nd7 13. Bb2 Rb8 14. Bc3 b6
15. Nd6 Rd8 16. f4 Nf8 17. Qc2 Ng6 18. h4 Bd7 19. h5 Nf8 20. g4 Bc6 21. Be4 Ra8
22. Rad1 f6 23. Nc4 Rxd1 24. Rxd1 Rd8 25. Rxd8 Bxd8 26. Qg2 Be8 27. Nd6 Bf7 28.
Nxf7 Qxf7 29. Qd2 Qd7 30. Qxd7 Nxd7 31. Bd3 b5 32. a4 b4 33. Bb2 a5 34. Bc4 Kf7
35. e4 fxe5 36. f5 Kf6 37. Bxe6 Nb6 38. Bc1 h6 39. Kf2 c4 40. Ke2 cxb3 41. Bxb3
Nd7 42. Bd5 Nc5 43. Bc6 Nb3 44. Be3 Nd4+ 45. Bxd4 exd4 46. Kd3 Ke5 47. Bd5 Bb6
48. Bb3 Kf4 49. Be6 Ba7 50. Bb3 Kg5 51. Bd1 Kf4 52. Bc2 Kg5 53. Bd1 Bb6 54. Kc4
Kf4 55. Kd3 Ba7 56. Bc2 Kxg4 57. Bd1+ Kg5 58. Bb3 Kxh5 59. e5 Kg5 60. Ke4 Bc5
61. Bc2 1/2-1/2

[Event "Team junior-boys chess final"]
[Site "?"]
[Date "2015.05.06"]
[Round "6.2"]
[White "Levenshtein, Mark"]
[Black "Plaksin, Igor"]
[Result "1-0"]
[WhiteElo "2111"]
[BlackElo "1467"]
[PlyCount "75"]
[EventDate "2015.05.01"]

1. Nf3 d6 2. g3 e5 3. d3 f5 4. Bg2 Nf6 5. O-O g6 6. c4 Bg7 7. Nc3 O-O 8. Rb1 h6
9. b4 g5 10. c5 Qe8 11. Nd2 Bd7 12. Bxb7 Bc6 13. Bxa8 Bxa8 14. e4 f4 15. f3 Qh5
16. g4 Qh3 17. Qe2 h5 18. Qg2 Qh4 19. h3 Kf7 20. cxd6 cxd6 21. Nc4 Ke7 22. Nb5
Ne8 23. Bd2 hxg4 24. hxg4 a6 25. Nc3 Nc6 26. Nd5+ Ke6 27. Ncb6 Bb7 28. Bc3 Rh8
29. a4 Qh6 30. b5 axb5 31. axb5 Ne7 32. Nxe7 Kxe7 33. Nc4 Qg6 34. Na5 Rh4 35.
Nxb7 Qh6 36. Na5 Rh3 37. Be1 d5 38. b6 1-0

[Event "Team junior-boys chess final"]
[Site "?"]
[Date "2015.05.06"]
[Round "6.2"]
[White "Sinyaev, Nil"]
[Black "German, Nikita"]
[Result "0-1"]
[WhiteElo "1653"]
[BlackElo "2013"]
[PlyCount "60"]
[EventDate "2015.05.01"]

1. e4 c5 2. Nf3 e6 3. d4 cxd4 4. Nxd4 a6 5. Nc3 Qc7 6. a3 b5 7. Bd3 Bb7 8. O-O
Nf6 9. Bg5 Be7 10. Re1 d6 11. h3 O-O 12. Re3 Nbd7 13. Rg3 Kh8 14. Qe2 Rfe8 15.
Kh1 Rad8 16. Re1 h6 17. Bd2 Nb6 18. f4 d5 19. e5 Ne4 20. Bxe4 dxe4 21. Nb3 Bh4
22. Rg4 Bxe1 23. Qxe1 Nc4 24. Bc1 e3 25. Bxe3 Nxb2 26. Bc1 Na4 27. Bd2 Rxd2 28.
Nxa4 Rxc2 29. Nac5 Rxc5 30. Nxc5 Qxc5 0-1

[Event "Team junior-boys chess final"]
[Site "?"]
[Date "2015.05.06"]
[Round "6.2"]
[White "Tsoi, Dmitry"]
[Black "Ivanov, Ilya"]
[Result "1-0"]
[WhiteElo "2018"]
[BlackElo "1537"]
[PlyCount "29"]
[EventDate "2015.05.01"]

1. e4 e6 2. d4 d5 3. Nc3 Nf6 4. Bg5 Be7 5. e5 Nfd7 6. h4 Bxg5 7. hxg5 Qxg5 8.
Nh3 Qe7 9. Qg4 f6 10. Nf4 Nf8 11. Ncxd5 Qd7 12. exf6 g5 13. Qxg5 exd5 14. Qg7
Qg4 15. Qe7# 1-0

[Event "Team junior-boys chess final"]
[Site "?"]
[Date "2015.05.06"]
[Round "6.2"]
[White "Tishkin, Boris"]
[Black "Yeritsyan, Aram"]
[Result "0-1"]
[WhiteElo "1529"]
[BlackElo "1829"]
[PlyCount "74"]
[EventDate "2015.05.01"]

1. d4 d5 2. c4 c6 3. cxd5 cxd5 4. Bf4 e6 5. Nc3 Nc6 6. e3 Bd6 7. Bxd6 Qxd6 8.
Nf3 Nf6 9. Bd3 O-O 10. O-O a6 11. a3 Bd7 12. Rc1 Rac8 13. Na4 e5 14. dxe5 Nxe5
15. Nxe5 Qxe5 16. Nb6 Rxc1 17. Qxc1 Bc6 18. b4 Ng4 19. g3 Qh5 20. h4 g5 21. f3
Ne5 22. Be2 gxh4 23. g4 Qh6 24. f4 Nd7 25. Nxd7 Bxd7 26. Bf3 Bc6 27. Qd2 Qe6
28. Kf2 Rd8 29. Qd4 Bb5 30. Rh1 Qc6 31. Be4 Qc4 32. Bxh7+ Kf8 33. Qxc4 dxc4 34.
Rxh4 Rd2+ 35. Ke1 Ra2 36. Rh1 Ra1+ 37. Kd2 Rxh1 0-1

[Event "Team junior-boys chess final"]
[Site "?"]
[Date "2015.05.06"]
[Round "6.3"]
[White "Shemyakin, Valeriy"]
[Black "Ivanov, Egor"]
[Result "1-0"]
[WhiteElo "2080"]
[BlackElo "1459"]
[PlyCount "49"]
[EventDate "2015.05.01"]

1. e4 c5 2. d4 cxd4 3. c3 dxc3 4. Nxc3 Nc6 5. Bc4 e6 6. Nf3 Nf6 7. O-O Be7 8.
e5 Ng8 9. Bf4 Bc5 10. Ne4 Bb6 11. Nd6+ Kf8 12. Qe2 f6 13. exf6 Nxf6 14. Ng5 Qe7
15. Ndf7 Bc5 16. Nxh8 Nd4 17. Qd3 Nf5 18. Nxh7+ Kg8 19. Ng6 Qf7 20. Qxf5 Kxh7
21. Qh3+ Kxg6 22. Bd3+ Ne4 23. Bxe4+ Kf6 24. Qh4+ g5 25. Qxg5# 1-0

[Event "Team junior-boys chess final"]
[Site "?"]
[Date "2015.05.06"]
[Round "6.3"]
[White "Smelykh, Edvin"]
[Black "Neznanov, Aleksandr"]
[Result "0-1"]
[WhiteElo "1238"]
[BlackElo "1958"]
[PlyCount "108"]
[EventDate "2015.05.01"]

1. e4 c5 2. Nf3 e6 3. d4 cxd4 4. Nxd4 Nf6 5. Nc3 d6 6. Bb5+ Bd7 7. Bxd7+ Qxd7
8. O-O Be7 9. f4 Nc6 10. Nf3 O-O-O 11. Ng5 Rhf8 12. Re1 h6 13. Nf3 Qc7 14. Qe2
d5 15. e5 Ng8 16. Kh1 Bc5 17. Rd1 Nge7 18. Na4 Bb6 19. Nxb6+ Qxb6 20. Qe3 d4
21. Qf2 Rd5 22. c3 dxc3 23. Be3 Qxb2 24. Qxb2 cxb2 25. Rab1 Rxd1+ 26. Rxd1 Nd5
27. Bc5 Nc3 28. Bxf8 Nxd1 29. Nd2 Nc3 30. Bxg7 h5 31. h3 b1=Q+ 32. Nxb1 Nxb1
33. Kh2 Ne7 34. Bf6 Ng6 35. Bg5 Nc3 36. g4 hxg4 37. hxg4 Ne2 38. f5 Nxe5 39.
Kh3 exf5 40. gxf5 b5 41. Bf6 Nd7 42. Bb2 a5 43. Kg4 b4 44. a3 bxa3 45. Bxa3
Ne5+ 46. Kg5 Kd7 47. Kf6 Nc4 48. Bc5 Ke8 49. Kg5 a4 50. Kg4 a3 51. Bxa3 Nxa3
52. Kg5 Nc4 53. Kg4 Ne5+ 54. Kg5 Ke7 0-1

[Event "Team junior-boys chess final"]
[Site "?"]
[Date "2015.05.06"]
[Round "6.4"]
[White "Osipov, Daniil"]
[Black "Burhanov, Vassily"]
[Result "1-0"]
[WhiteElo "1914"]
[BlackElo "1773"]
[PlyCount "123"]
[EventDate "2015.05.01"]

1. e4 e6 2. d3 d5 3. Nd2 c5 4. Ngf3 Nf6 5. g3 Be7 6. Bg2 Nc6 7. O-O O-O 8. e5
Nd7 9. Re1 Qc7 10. Qe2 b6 11. Nf1 Ba6 12. Bf4 c4 13. a3 Rac8 14. d4 b5 15. c3
Bb7 16. h4 Na5 17. Ne3 Nb3 18. Rab1 a5 19. Ng4 b4 20. axb4 axb4 21. Ng5 bxc3
22. bxc3 Qa5 23. Qc2 Bxg5 24. Bxg5 Ra8 25. Be7 Rfc8 26. Bb4 Qa2 27. Rb2 Qa4 28.
Ne3 Nf8 29. Nxc4 Rxc4 30. Qxb3 Qxb3 31. Rxb3 Nd7 32. Bf1 Rcc8 33. Reb1 Bc6 34.
Bd6 h6 35. Bb5 Bxb5 36. Rxb5 Rxc3 37. Rb7 Nf8 38. Bc5 Rc2 39. Rb8 Rca2 40. Bxf8
Ra1 41. Kg2 Rxb1 42. Rxa8 Kh7 43. Ra7 Rd1 44. Bc5 Kg8 45. h5 f6 46. Ra8+ Kh7
47. Re8 fxe5 48. dxe5 Rc1 49. Be3 Rc6 50. Rd8 Rc7 51. g4 Re7 52. f4 Rb7 53. g5
hxg5 54. fxg5 g6 55. h6 d4 56. Rxd4 Rf7 57. Rd6 Re7 58. Kg3 Kg8 59. Bb6 Kh7 60.
Bd8 Re8 61. Bf6 Kg8 62. Rd7 1-0

[Event "Team junior-boys chess final"]
[Site "?"]
[Date "2015.05.06"]
[Round "6.4"]
[White "Ivanov, Pavel P"]
[Black "Shirokov, Aleksey"]
[Result "1/2-1/2"]
[WhiteElo "1723"]
[BlackElo "1839"]
[PlyCount "81"]
[EventDate "2015.05.01"]

1. d4 Nf6 2. c4 c5 3. d5 e6 4. dxe6 dxe6 5. Qxd8+ Kxd8 6. Nc3 Nc6 7. Bg5 Be7 8.
O-O-O+ Kc7 9. Nf3 a6 10. e3 Bd6 11. Be2 b6 12. Rd2 Bb7 13. Rhd1 Rad8 14. Na4
Ne4 15. Bxd8+ Rxd8 16. Nc3 Nxd2 17. Rxd2 f6 18. a3 Ne5 19. Nxe5 Bxe5 20. Rxd8
Kxd8 21. g3 Bxc3 22. bxc3 e5 23. h4 e4 24. Kd2 Ke7 25. Ke1 Ke6 26. Bg4+ f5 27.
Be2 Ke5 28. Kd2 h6 29. Ke1 g5 30. hxg5 hxg5 31. Kd2 Bc6 32. Bd1 b5 33. cxb5
axb5 34. Be2 f4 35. gxf4+ gxf4 36. Bd1 f3 37. Bb3 Bd7 38. Kc1 Bh3 39. Bf7 Bf1
40. Kc2 Bd3+ 41. Kc1 1/2-1/2

[Event "Team junior-boys chess final"]
[Site "?"]
[Date "2015.05.06"]
[Round "6.4"]
[White "Porsev, Denis"]
[Black "Kozhukhov, Aleksandr"]
[Result "1-0"]
[WhiteElo "1654"]
[BlackElo "1616"]
[PlyCount "73"]
[EventDate "2015.05.01"]

1. e4 c5 2. Nf3 d6 3. d4 cxd4 4. Nxd4 Nf6 5. Nc3 g6 6. Be3 Bg7 7. Bc4 O-O 8. f3
Nc6 9. Qd2 Bd7 10. Bb3 Rc8 11. O-O-O Nxd4 12. Bxd4 b5 13. h4 h5 14. g4 hxg4 15.
h5 e5 16. h6 Bh8 17. h7+ Nxh7 18. Qh6 Qg5+ 19. Be3 Qxh6 20. Bxh6 Bg7 21. Rxd6
Bxh6+ 22. Rxh6 Rfd8 23. Rdxg6+ Kf8 24. Rd6 Ng5 25. fxg4 b4 26. Nd5 Nxe4 27.
Rxd7 Kg7 28. Rxd8 Rxd8 29. Rh2 a5 30. a4 Nc5 31. Rd2 Kh6 32. Ne3 Nxb3+ 33. cxb3
Rxd2 34. Kxd2 Kg5 35. Nc4 Kxg4 36. Nxe5+ Kf5 37. Nxf7 1-0

[Event "Team junior-boys chess final"]
[Site "?"]
[Date "2015.05.06"]
[Round "6.4"]
[White "Dudin, Gleb"]
[Black "Zuravlev, Mikhail"]
[Result "1-0"]
[WhiteElo "1711"]
[BlackElo "1807"]
[PlyCount "73"]
[EventDate "2015.05.01"]

1. c4 Nf6 2. Nc3 c5 3. g3 d5 4. cxd5 Nxd5 5. Bg2 Nc7 6. Nf3 Nc6 7. O-O e5 8. d3
Be6 9. Ng5 Bd5 10. Nxd5 Nxd5 11. Qb3 Nce7 12. e4 h6 13. Qb5+ Nc6 14. exd5 hxg5
15. dxc6 a6 16. cxb7+ axb5 17. bxa8=Q Qxa8 18. Bxa8 g4 19. f3 Kd7 20. Be3 f5
21. fxg4 f4 22. gxf4 Bd6 23. Be4 Rh3 24. fxe5 Bxe5 25. Bf4 Bxb2 26. Rab1 Bd4+
27. Kg2 Rh8 28. Rxb5 g5 29. Bxg5 c4 30. dxc4 Re8 31. Rf7+ Ke6 32. Bd5+ Kd6 33.
Bf4+ Be5 34. Rf6+ Kd7 35. Rb7+ Kc8 36. Bxe5 Kd8 37. Ra6 1-0

[Event "Team junior-boys chess final"]
[Site "?"]
[Date "2015.05.07"]
[Round "7.1"]
[White "Levenshtein, Mark"]
[Black "Burhanov, Vassily"]
[Result "1-0"]
[WhiteElo "2111"]
[BlackElo "1773"]
[PlyCount "51"]
[EventDate "2015.05.01"]

1. Nf3 d5 2. g3 Nd7 3. Bg2 e5 4. d3 f5 5. O-O Ngf6 6. c4 c6 7. Nbd2 Bc5 8. cxd5
cxd5 9. d4 Bd6 10. dxe5 Nxe5 11. Nxe5 Bxe5 12. Nf3 Bb8 13. Bg5 Be6 14. Nd4 Kf7
15. Qd3 Qd7 16. Nxe6 Kxe6 17. Bxf6 gxf6 18. Bh3 Kf7 19. Bxf5 Qd6 20. Bxh7 Bc7
21. Qg6+ Ke6 22. e4 d4 23. e5 Qd5 24. Qxf6+ Kd7 25. Bf5+ Ke8 26. Qxh8+ 1-0

[Event "Team junior-boys chess final"]
[Site "?"]
[Date "2015.05.07"]
[Round "7.1"]
[White "Ivanov, Pavel P"]
[Black "German, Nikita"]
[Result "1-0"]
[WhiteElo "1723"]
[BlackElo "2013"]
[PlyCount "120"]
[EventDate "2015.05.01"]

1. d4 f5 2. c4 Nf6 3. Nc3 d6 4. Nf3 g6 5. Qc2 Bg7 6. e4 O-O 7. exf5 Bxf5 8. Bd3
Bg4 9. Be2 Nc6 10. Be3 Bf5 11. Qd2 Ng4 12. O-O Nxe3 13. fxe3 e5 14. d5 Ne7 15.
e4 Bd7 16. b4 h6 17. c5 g5 18. Qe3 Ng6 19. g3 Bh3 20. Rfc1 g4 21. Nd2 h5 22.
Bf1 Kh7 23. Bxh3 gxh3 24. Qe2 Qg5 25. Kh1 Bh6 26. Nc4 a5 27. Nb5 h4 28. Rg1
hxg3 29. hxg3 axb4 30. Nxc7 dxc5 31. Nxa8 Rxa8 32. Kh2 Ra6 33. Rge1 b5 34. Ne3
c4 35. Nf5 Bf8 36. Rab1 Ne7 37. Rf1 Ra3 38. Rf3 Nxf5 39. exf5 c3 40. f6 Qg6 41.
Rbf1 b3 42. axb3 Rxb3 43. Qxe5 Rb2+ 44. R3f2 Rxf2+ 45. Rxf2 b4 46. Qc7+ Kh8 47.
d6 c2 48. Qxc2 Qxc2 49. Rxc2 Bxd6 50. Rc6 Bf8 51. Rc8 Kg8 52. g4 b3 53. Rb8 Kf7
54. Rxb3 Kxf6 55. Kxh3 Bc5 56. Rb5 Be3 57. Kh4 Kg6 58. g5 Bf2+ 59. Kg4 Be3 60.
Ra5 Bd4 1-0

[Event "Team junior-boys chess final"]
[Site "?"]
[Date "2015.05.07"]
[Round "7.1"]
[White "Tsoi, Dmitry"]
[Black "Kozhukhov, Aleksandr"]
[Result "1-0"]
[WhiteElo "2018"]
[BlackElo "1616"]
[PlyCount "57"]
[EventDate "2015.05.01"]

1. e4 c5 2. Nf3 e6 3. d4 cxd4 4. Nxd4 a6 5. Nc3 Qc7 6. Qf3 Nc6 7. Nxc6 dxc6 8.
Be3 Nf6 9. O-O-O Bb4 10. Bd4 e5 11. Qg3 Bd6 12. Qxg7 Rg8 13. Qxf6 exd4 14. Qxd4
Be5 15. Qd3 Be6 16. g3 Bf6 17. Bg2 Qa5 18. a3 Rd8 19. Qe3 Rxd1+ 20. Rxd1 b5 21.
e5 Be7 22. Bxc6+ Kf8 23. Nd5 Bxd5 24. Bxd5 b4 25. Qf3 Rg7 26. Bb3 Bd8 27. Qa8
Ke7 28. Qb7+ Bc7 29. Qc8 1-0

[Event "Team junior-boys chess final"]
[Site "?"]
[Date "2015.05.07"]
[Round "7.1"]
[White "Dudin, Gleb"]
[Black "Yeritsyan, Aram"]
[Result "0-1"]
[WhiteElo "1711"]
[BlackElo "1829"]
[PlyCount "112"]
[EventDate "2015.05.01"]

1. c4 e5 2. Nc3 Nf6 3. g3 d5 4. cxd5 Nxd5 5. Bg2 Nb6 6. Nf3 Nc6 7. O-O Be7 8.
d3 g5 9. d4 exd4 10. Nb5 Bf6 11. Qc2 a6 12. Nfxd4 axb5 13. Nxc6 bxc6 14. Bxc6+
Bd7 15. Rd1 Ra4 16. b3 Ra7 17. Bb2 Bxb2 18. Qxb2 O-O 19. Qd4 Bxc6 20. Qxd8 Rxd8
21. Rxd8+ Kg7 22. Rc1 Bd5 23. Rd1 Be6 24. R1d2 c6 25. R8d6 Bd5 26. f3 f5 27. h4
h6 28. hxg5 hxg5 29. Kf2 Nc8 30. Rd8 Ne7 31. g4 fxg4 32. e4 Be6 33. R8d6 Bc8
34. fxg4 Bxg4 35. Ke3 Bc8 36. Rg2 g4 37. Rh2 Rc7 38. Rdh6 c5 39. Rh7+ Kf6 40.
R7h6+ Kf7 41. Rh7+ Ke6 42. R2h6+ Ke5 43. Rh5+ Kd6 44. R5h6+ Be6 45. Rh2 Nc6 46.
R7h5 Nd4 47. Rd2 Rf7 48. Rxd4+ cxd4+ 49. Kxd4 Rg7 50. Rh1 g3 51. Ke3 g2 52. Rg1
Bh3 53. Kf2 Rf7+ 54. Kg3 Rf1 55. Kh2 b4 56. a4 bxa3 0-1

[Event "Team junior-boys chess final"]
[Site "?"]
[Date "2015.05.07"]
[Round "7.2"]
[White "Poliakov, Artem"]
[Black "Shemyakin, Valeriy"]
[Result "0-1"]
[WhiteElo "1883"]
[BlackElo "2080"]
[PlyCount "118"]
[EventDate "2015.05.01"]

1. d4 Nf6 2. c4 e6 3. Nc3 Bb4 4. e3 c5 5. Nge2 d5 6. a3 Bxc3+ 7. Nxc3 cxd4 8.
exd4 dxc4 9. Bxc4 Nc6 10. Be3 O-O 11. O-O h6 12. Qd3 Ne7 13. Rad1 Ned5 14. Nxd5
exd5 15. Ba2 Bg4 16. Rc1 Qb6 17. b4 Rac8 18. Rc5 Qd6 19. h3 Be6 20. Rfc1 b6 21.
Qa6 Qb8 22. Rc6 Rxc6 23. Rxc6 Rc8 24. b5 Bd7 25. Rxf6 gxf6 26. Qa4 Qd6 27. Qb3
Kg7 28. Bb1 f5 29. g3 Qe6 30. Bd3 h5 31. Bf1 h4 32. Bg2 hxg3 33. fxg3 Re8 34.
Bf2 f4 35. g4 Rc8 36. Bf3 Rc4 37. Kg2 Qd6 38. Be2 Rc8 39. Bf3 Be6 40. h4 Qd7
41. Kh3 Qc7 42. Kg2 Qc3 43. Qa4 Qd2 44. Qd1 Qxd1 45. Bxd1 Rc1 46. Be2 Rc2 47.
Bd1 Rd2 48. Bf3 Ra2 49. g5 Rxa3 50. h5 Bh3+ 51. Kxh3 Rxf3+ 52. Kg2 Rb3 53. Bh4
Rxb5 54. Kf3 Rb3+ 55. Kxf4 Rh3 56. Kg4 Rxh4+ 57. Kxh4 a5 58. Kg4 a4 59. Kf5 a3
0-1

[Event "Team junior-boys chess final"]
[Site "?"]
[Date "2015.05.07"]
[Round "7.2"]
[White "Brin, Ilya"]
[Black "Poznyak, Nazar"]
[Result "1-0"]
[WhiteElo "1778"]
[BlackElo "1932"]
[PlyCount "63"]
[EventDate "2015.05.01"]

1. e4 d5 2. exd5 Qxd5 3. Nc3 Qd6 4. d4 Nf6 5. Nge2 Bf5 6. Bf4 Qb6 7. Rb1 c6 8.
g3 e6 9. Bg2 Be7 10. O-O O-O 11. h3 h6 12. g4 Bh7 13. Ng3 Rd8 14. Be3 Qc7 15.
f4 Nbd7 16. Qf3 Bxc2 17. Rbc1 Bd3 18. Rf2 Bd6 19. Nge2 Nf8 20. g5 hxg5 21. fxg5
Nd5 22. Bd2 Nxc3 23. Nxc3 Bf5 24. d5 Ng6 25. Nb5 Ne5 26. Qe2 cxb5 27. Rxc7 Bxc7
28. Bf4 f6 29. gxf6 gxf6 30. Be3 Kf7 31. dxe6+ Kxe6 32. Qf1 1-0

[Event "Team junior-boys chess final"]
[Site "?"]
[Date "2015.05.07"]
[Round "7.2"]
[White "Koren, Vladimir"]
[Black "Mutovin, Egor"]
[Result "1-0"]
[WhiteElo "1872"]
[BlackElo "1548"]
[PlyCount "213"]
[EventDate "2015.05.01"]

1. e4 c6 2. d4 d5 3. e5 Bf5 4. Nf3 e6 5. Be2 c5 6. c3 Nc6 7. Be3 cxd4 8. Nxd4
Nge7 9. f4 Nxd4 10. Bxd4 Nc6 11. O-O Be7 12. Nd2 Nxd4 13. cxd4 Qb6 14. Qa4+ Kf8
15. Nb3 g6 16. Rac1 Kg7 17. Qd7 Rhe8 18. Qb5 Qxb5 19. Bxb5 Rec8 20. Bd7 Rc4 21.
Bb5 Rcc8 22. Na5 Bb4 23. Nxb7 Bd2 24. Rc6 Rxc6 25. Bxc6 Be3+ 26. Kh1 Rc8 27.
Ba4 Rc4 28. Bb3 Rxd4 29. Nd6 Bd3 30. Rd1 Rxf4 31. g3 Rf1+ 32. Rxf1 Bxf1 33.
Ne8+ Kf8 34. Nf6 Bd4 35. Nxh7+ Ke7 36. Bc2 Bxb2 37. Nf6 Bxe5 38. Ng4 Bd4 39. h4
f5 40. Nh2 Bf6 41. Nxf1 e5 42. Kg2 Ke6 43. Kf2 d4 44. Bb3+ Kd6 45. Bf7 g5 46.
hxg5 Bxg5 47. Bg6 Ke6 48. g4 fxg4 49. Be4 Bf4 50. Ng3 Kf6 51. Nh5+ Kg5 52. Ng7
Be3+ 53. Kg3 Bf4+ 54. Kg2 Be3 55. Ne6+ Kf6 56. Nc7 Kg5 57. Nd5 Bd2 58. Kf2 Bf4
59. Nb4 Be3+ 60. Kg3 Bd2 61. Nd3 Be3 62. a4 Bd2 63. Kf2 Bf4 64. a5 Bd2 65. a6
Bf4 66. Nb4 Be3+ 67. Ke2 Kf4 68. Kd3 Bc1 69. Nc6 Ba3 70. Nxa7 Bc5 71. Nc6 Bb6
72. a7 Bxa7 73. Nxa7 Kg5 74. Nc6 Kf4 75. Ne7 Kg3 76. Ng6 Kf2 77. Nxe5 g3 78.
Ng4+ Kf1 79. Kxd4 Ke2 80. Ne3 Kd2 81. Nf1+ Ke2 82. Nxg3+ Kd2 83. Bd3 Kc1 84.
Kc3 Kd1 85. Ne4 Kc1 86. Nd2 Kd1 87. Nf3 Kc1 88. Be2 Kb1 89. Nd2+ Kc1 90. Nb3+
Kb1 91. Bd3+ Ka2 92. Bc2 Ka3 93. Bb1 Ka4 94. Nd4 Ka5 95. Kc4 Kb6 96. Nb5 Ka5
97. Kc5 Ka4 98. Bc2+ Ka5 99. Bb3 Ka6 100. Nd6 Ka5 101. Nb7+ Ka6 102. Kc6 Ka7
103. Kc7 Ka8 104. Bc4 Ka7 105. Nd6 Ka8 106. Bd3 Ka7 107. Nc8+ 1-0

[Event "Team junior-boys chess final"]
[Site "?"]
[Date "2015.05.07"]
[Round "7.3"]
[White "Plaksin, Igor"]
[Black "Osipov, Daniil"]
[Result "0-1"]
[WhiteElo "1467"]
[BlackElo "1914"]
[PlyCount "74"]
[EventDate "2015.05.01"]

1. e4 c5 2. Nf3 Nc6 3. Bb5 Na5 4. O-O a6 5. Be2 d6 6. c3 Nf6 7. Re1 g6 8. e5
dxe5 9. Nxe5 Bg7 10. Bf3 Nd7 11. Nxd7 Bxd7 12. d4 cxd4 13. cxd4 O-O 14. Nc3 e6
15. Be3 Bc6 16. Be2 b5 17. Rc1 Rc8 18. b4 Nb7 19. Nb1 Nd6 20. Bf3 Bxf3 21. Qxf3
Rxc1 22. Rxc1 Nf5 23. d5 Nxe3 24. fxe3 exd5 25. Rd1 d4 26. Qc6 Qg5 27. exd4
Qe3+ 28. Kh1 Bxd4 29. Qxa6 Qe2 30. Rc1 Be3 31. Qc6 Bxc1 32. Qxc1 Re8 33. Qg1
Qe1 34. Na3 Qxb4 35. Nc2 Qd2 36. Qb1 Rc8 37. Nb4 Rc1+ 0-1

[Event "Team junior-boys chess final"]
[Site "?"]
[Date "2015.05.07"]
[Round "7.3"]
[White "Shirokov, Aleksey"]
[Black "Sinyaev, Nil"]
[Result "1-0"]
[WhiteElo "1839"]
[BlackElo "1653"]
[PlyCount "93"]
[EventDate "2015.05.01"]

1. e4 e5 2. Nf3 Nc6 3. Bb5 a6 4. Ba4 Nf6 5. O-O Be7 6. Re1 b5 7. Bb3 O-O 8. a4
Bb7 9. c3 Na5 10. Bc2 d6 11. d4 Nc6 12. Nbd2 Re8 13. Nf1 Bf8 14. Ng3 h6 15. Bd3
bxa4 16. Qxa4 Qd7 17. b4 exd4 18. cxd4 d5 19. e5 Nxb4 20. Bf5 Qxa4 21. Rxa4 Nh7
22. Bd2 Nc6 23. Rb1 Bc8 24. Bd3 Bg4 25. Rc1 Bxf3 26. gxf3 Nd8 27. Rxc7 Ne6 28.
Rd7 Red8 29. Rxd8 Rxd8 30. f4 Ra8 31. f5 Nc7 32. Kg2 Be7 33. Ba5 Nb5 34. Bb6
Nc3 35. Rxa6 Rb8 36. Ba5 Bb4 37. Bxb4 Rxb4 38. e6 Rb7 39. Rc6 Na2 40. Rc8+ Nf8
41. Re8 fxe6 42. fxe6 Nb4 43. Bg6 Nc6 44. Nf5 Rc7 45. Nd6 Ne7 46. Bf7+ Kh7 47.
Rxf8 1-0

[Event "Team junior-boys chess final"]
[Site "?"]
[Date "2015.05.07"]
[Round "7.3"]
[White "Ivanov, Ilya"]
[Black "Porsev, Denis"]
[Result "0-1"]
[WhiteElo "1537"]
[BlackElo "1654"]
[PlyCount "64"]
[EventDate "2015.05.01"]

1. d4 Nf6 2. c4 c5 3. d5 e6 4. dxe6 fxe6 5. e3 Nc6 6. Nc3 Be7 7. Bd3 O-O 8.
Nge2 a6 9. b3 Qc7 10. O-O b6 11. Bb2 Bb7 12. Ne4 Ne5 13. N2g3 Nxd3 14. Qxd3 Qc6
15. f3 Nxe4 16. Nxe4 d5 17. Ng3 Rad8 18. Rad1 b5 19. cxd5 exd5 20. Rc1 Qe6 21.
Nh5 Rf7 22. Qc3 Qh6 23. Nf4 d4 24. Qe1 dxe3 25. g3 Rd2 26. h4 Rxb2 27. Qxe3 Bd6
28. Qe8+ Rf8 29. Qd7 Bxf4 30. gxf4 Qxh4 31. Qe6+ Kh8 32. Qg4 Qh2# 0-1

[Event "Team junior-boys chess final"]
[Site "?"]
[Date "2015.05.07"]
[Round "7.3"]
[White "Zuravlev, Mikhail"]
[Black "Tishkin, Boris"]
[Result "1-0"]
[WhiteElo "1807"]
[BlackElo "1529"]
[PlyCount "61"]
[EventDate "2015.05.01"]

1. d4 d5 2. c4 e6 3. Nc3 Bb4 4. Qa4+ Nc6 5. cxd5 exd5 6. Nf3 Nf6 7. Bg5 Bd7 8.
Qb3 O-O 9. e3 Be6 10. Bd3 h6 11. Bh4 Rb8 12. O-O Be7 13. Rfc1 a6 14. Na4 Ne4
15. Bxe7 Nxe7 16. Nc5 Nxc5 17. Rxc5 c6 18. a4 Bf5 19. Bf1 g5 20. Qd1 Ng6 21. b4
Bd7 22. Ne1 b5 23. axb5 axb5 24. Qh5 Kg7 25. Bd3 f5 26. g4 Nh4 27. gxf5 Nxf5
28. Ra7 Ne7 29. Rxc6 Bxc6 30. Qg6+ Kh8 31. Qh7# 1-0

[Event "Team junior-boys chess final"]
[Site "?"]
[Date "2015.05.07"]
[Round "7.4"]
[White "Ivanov, Egor"]
[Black "Bykov, Oleg"]
[Result "0-1"]
[WhiteElo "1459"]
[BlackElo "2225"]
[PlyCount "50"]
[EventDate "2015.05.01"]

1. d4 c5 2. d5 Nf6 3. Nf3 e6 4. dxe6 fxe6 5. c4 Be7 6. Bf4 O-O 7. e3 d5 8. Nc3
Nc6 9. Ne5 d4 10. Nxc6 bxc6 11. exd4 cxd4 12. Ne2 Ne4 13. Bg3 Bb4+ 14. Nc3 dxc3
15. Qxd8 Rxd8 16. Ke2 cxb2 17. Rb1 Nc3+ 18. Kf3 Nxb1 19. Be5 Nd2+ 20. Kg3 b1=Q
21. h3 Nxf1+ 22. Rxf1 Qxf1 23. Kh2 Bc5 24. f4 Bf2 25. g4 Qg1# 0-1

[Event "Team junior-boys chess final"]
[Site "?"]
[Date "2015.05.07"]
[Round "7.4"]
[White "Yarygin, Maksim"]
[Black "Smelykh, Edvin"]
[Result "1-0"]
[WhiteElo "1860"]
[BlackElo "1238"]
[PlyCount "49"]
[EventDate "2015.05.01"]

1. e4 c5 2. Nc3 Nc6 3. g3 Nf6 4. Bg2 e6 5. d3 b6 6. f4 d5 7. Bd2 Ba6 8. Nf3 Be7
9. e5 Nd7 10. O-O O-O 11. g4 f6 12. exf6 Bxf6 13. Re1 Re8 14. g5 Bd4+ 15. Nxd4
Nxd4 16. Ne2 Nxe2+ 17. Qxe2 Qe7 18. Bxd5 Rad8 19. Qxe6+ Qxe6 20. Bxe6+ Kf8 21.
Bxd7 Rxe1+ 22. Rxe1 Rxd7 23. Bc3 Rf7 24. Be5 Re7 25. Bd6 1-0